000 00282nam a22001337a 4500
008 180314b xxu||||| |||| 00| 0 eng d
020 _a9780721646411
041 _aeng
080 _a579
100 _a11
101 _aMIK
245 _aMicrobiology
_cWalker,T.S
942 _2udc
_cBK
999 _c44999
_d44999